书目信息 |
| 题名: |
生命周期评价
|
|
| 作者: | 邓南圣 , 王小兵 主编 | |
| 分册: | ||
| 出版信息: | 北京 化学工业出版社 2003 |
|
| 页数: | 354页 | |
| 开本: | 20cm | |
| 丛书名: | ||
| 单 册: | ||
| 中图分类: | X820.3 | |
| 科图分类: | ||
| 主题词: | 工业产品--环境影响--评价 , 工业产品 , 环境影响 | |
| 电子资源: | ||
| ISBN: | 7-5025-4538-7 | |
| 000 | 00924nam0 2200265 450 | |
| 001 | 002383508 | |
| 005 | 20070805152114.35 | |
| 010 | @a7-5025-4538-7@dCNY28.00 | |
| 100 | @a20030626d2003 em y0chiy0110 ea | |
| 101 | 0 | @achi |
| 102 | @aCN@b110000 | |
| 105 | @ay z 000yy | |
| 106 | @ar | |
| 200 | 1 | @a生命周期评价@Asheng ming zhou qi ping jia@f邓南圣,王小兵主编@Fdeng nan sheng, wang xiao bing zhu bian |
| 210 | @a北京@c化学工业出版社@d2003 | |
| 215 | @a354页@d20cm | |
| 330 | @a本书介绍了生命周期评价的发展、原则、框架、生命周期清单分析、生命周期影响评价和改善评价;以及生命周期评价的具体实例、生命周期评价所使用的信息系统和生命周期设计的内容。 | |
| 606 | 0 | @a工业产品@x环境影响@x评价 |
| 606 | 0 | @a工业产品 |
| 606 | 0 | @a环境影响 |
| 690 | @aX820.3@v4 | |
| 701 | 0 | @a邓南圣@Adeng nan sheng@4主编 |
| 701 | 0 | @a王小兵@Awang xiao bing@c(工业产品)@4主编 |
| 801 | 0 | @aCN@bNLC@c20070805 |
| 905 | @dX820.3@e119@f4 | |
| 生命周期评价/邓南圣,王小兵主编.-北京:化学工业出版社,2003 |
| 354页;20cm |
| ISBN 7-5025-4538-7:CNY28.00 |
| 本书介绍了生命周期评价的发展、原则、框架、生命周期清单分析、生命周期影响评价和改善评价;以及生命周期评价的具体实例、生命周期评价所使用的信息系统和生命周期设计的内容。 |
| ● |
| 相关链接 |
|
|
|
|
正题名:生命周期评价
索取号:X820.3/119
 
预约/预借
| 序号 | 登录号 | 条形码 | 馆藏地/架位号 | 状态 | 备注 |
| 1 | 0851043 | 208510431 | 第二样本阅览室/ [索取号:X820.3/119] | 在馆 | |
| 2 | 0851044 | 208510440 | 第三借阅区/ [索取号:X820.3/119] | 在馆 | |
| 3 | 0851045 | 208510459 | 第三借阅区/ [索取号:X820.3/119] | 在馆 | |
| 4 | 0851046 | 208510468 | 第三借阅区/ [索取号:X820.3/119] | 在馆 |